Health Promotion: (Record no. 773)

MARC details
000 -LEADER
fixed length control field 01156cam a22003134a 4500
001 - CONTROL NUMBER
control field 13227192
003 - CONTROL NUMBER IDENTIFIER
control field OSt
005 - DATE AND TIME OF LATEST TRANSACTION
control field 20191129122059.0
008 - FIXED-LENGTH DATA ELEMENTS--GENERAL INFORMATION
fixed length control field 030606s2004 caua b 001 0 eng
010 ## - LIBRARY OF CONGRESS CONTROL NUMBER
LC control number 2003108063
020 ## - INTERNATIONAL STANDARD BOOK NUMBER
International Standard Book Number 0761974482 (hbk.)
020 ## - INTERNATIONAL STANDARD BOOK NUMBER
International Standard Book Number 0761974490 (pbk.)
040 ## - CATALOGING SOURCE
Original cataloging agency DLC
Transcribing agency DLC
Modifying agency DLC
042 ## - AUTHENTICATION CODE
Authentication code pcc
050 00 - LIBRARY OF CONGRESS CALL NUMBER
Classification number RA427.8
Item number .T66 2004
082 00 - DEWEY DECIMAL CLASSIFICATION NUMBER
Classification number WA 525 T612h 2004
Edition number 22
100 1# - MAIN ENTRY--PERSONAL NAME
Personal name Tones, Keith; Green, Jackie.
9 (RLIN) 2076
245 10 - TITLE STATEMENT
Title Health Promotion:
Remainder of title planning and strategies
260 ## - PUBLICATION, DISTRIBUTION, ETC. (IMPRINT)
Place of publication, distribution, etc. Thousand Oaks, Calif. :
Name of publisher, distributor, etc. Sage Publications,
Date of publication, distribution, etc. 2004.
300 ## - PHYSICAL DESCRIPTION
Extent xv, 378 p. :
Other physical details ill. ;
Dimensions 25 cm.
504 ## - BIBLIOGRAPHY, ETC. NOTE
Bibliography, etc Includes bibliographical references (p. [343]-369) and index.
650 #0 - SUBJECT ADDED ENTRY--TOPICAL TERM
Topical term or geographic name as entry element Health promotion.
9 (RLIN) 2077
650 #0 - SUBJECT ADDED ENTRY--TOPICAL TERM
Topical term or geographic name as entry element Public health
9 (RLIN) 2078
856 42 - ELECTRONIC LOCATION AND ACCESS
Materials specified Publisher description
Uniform Resource Identifier <a href="http://www.loc.gov/catdir/enhancements/fy0657/2003108063-d.html">http://www.loc.gov/catdir/enhancements/fy0657/2003108063-d.html</a>
856 41 - ELECTRONIC LOCATION AND ACCESS
Materials specified Table of contents only
Uniform Resource Identifier <a href="http://www.loc.gov/catdir/enhancements/fy0657/2003108063-t.html">http://www.loc.gov/catdir/enhancements/fy0657/2003108063-t.html</a>
906 ## - LOCAL DATA ELEMENT F, LDF (RLIN)
a 7
b cbc
c orignew
d 2
e epcn
f 20
g y-gencatlg
942 ## - ADDED ENTRY ELEMENTS (KOHA)
Source of classification or shelving scheme Other/Generic Classification Scheme
Koha item type Short Loan
Holdings
Withdrawn status Lost status Source of classification or shelving scheme Damaged status Not for loan Home library Current library Date acquired Source of acquisition Inventory number Total Checkouts Full call number Barcode Date last seen Koha item type
    Other/Generic Classification Scheme     MUST Main Library MUST Main Library 20/11/2014 Donation 06/27403   WA525 T612h 2004 2014-3392 20/11/2014 Short Loan
    Other/Generic Classification Scheme     MUST Main Library MUST Main Library 24/11/2015 Donation 11/35575   WA525 T612h 2004 2015-2767 24/11/2015 Open Shelf
    Other/Generic Classification Scheme     MUST Main Library MUST Main Library 16/05/2016 Purchases 11/35576   WA525 T612h 2004 2016-1927 16/05/2016 Open Shelf